000 00696nam a22002297a 4500
001 65809
003 UA-OsUOA
005 20220414181307.0
007 ta
008 20091209b un ||||| |||| 00| 0 ukr d
020 _a9665813448
040 _aUA-OsUOA
_bukr
_cUA-OsUOA
_dUA-OsUOA
041 _aukr
080 _a7.071.1(477.52)
090 _a7.071.1(477.52)
_bХ98
245 _aХудожньо-мистецька спадщина Сумщини від давнини до сьогодення
_cВ. Мордань
260 _aК.
_bХрещатик
_c2007
300 _a272 с.
650 7 _a7.0 Загальні питання мистецтва
_2UDC
942 _cBK
_2udc
955 _a2
999 _c352136
_d352136